Ventas y marketing con Microsoft Excel /

Obra en que se explican las aplicaciones de Excel que son útiles para los siguientes procesos de mercadotecnia: análisis financiero de propuestas comerciales, logística y canales de distribución, estudio de mercado y encuestas, ventas, clientes, medios de comunicación y asignación de recursos.

保存先:
書誌詳細
第一著者: García Fronti, Matías S. (autor)
その他の著者: Pazos, Alejandro A. (autor) (autor), Sabatino, Mariano H. (autor) (autor)
フォーマット: 図書
言語:スペイン語
出版事項: Buenos Aires, Argentina : Omicron System, 2003, c2003
シリーズ:(Herramientas Informáticas para Pequeña y Mediana Empresa)
主題:
タグ: タグ追加
タグなし, このレコードへの初めてのタグを付けませんか!

MARC

LEADER 00000nam^a2200000^a^4500
001 000183768
005 20250521000000.0
009 20260310102051.541
020 |a 987-1046-07-3 
037 |a Acervo ITESO - Biblioteca 
041 |a ESP 
082 |a 658. 002855369  |b GAR 
100 |a García Fronti, Matías S.  |e (autor) 
245 1 0 |a Ventas y marketing con Microsoft Excel /  |c M.S. García Fronti, A.A. Pazos, M.H. Sabatino. 
264 4 |a Buenos Aires, Argentina :  |b Omicron System,  |c 2003, c2003 
300 |a 240 p. +  |e 1 disco compacto de computadora 
336 |a texto  |b txt  |2 rdacontenido 
337 |a sin mediación  |b n  |2 rdamedio 
338 |a volumen  |b nc  |2 rdasoporte 
440 1 |a (Herramientas Informáticas para Pequeña y Mediana Empresa) 
520 |a Obra en que se explican las aplicaciones de Excel que son útiles para los siguientes procesos de mercadotecnia: análisis financiero de propuestas comerciales, logística y canales de distribución, estudio de mercado y encuestas, ventas, clientes, medios de comunicación y asignación de recursos. 
649 |a XX 
650 |a Mercadotecnia 
650 |a Paquetes (Software) 
650 |a Empresas -  |x Administración 
650 |a Finanzas -  |x Análisis 
650 |a Canales de Distribución 
650 |a Encuesta 
650 |a Investigación de Mercado 
650 |a Ventas -  |x Administración 
650 |a Clientes 
650 |a Recursos Humanos 
650 |a Medios de Comunicación 
650 |a Planeación Administrativa 
650 |a Proceso Administrativo -  |x Dirección 
650 |a Ciencias Administrativas 
700 |a Pazos, Alejandro A.  |e (autor) 
700 |a Sabatino, Mariano H.  |e (autor) 
910 |a Fondo General 
920 |a Impresos - Libros 
930 |a Colección General 
905 |a 101 
901 |a 0500124283  |b IT1  |c ACC  |u 20250521 
901 |a 0500124289  |b IT2  |c SWS  |u 20250521 
902 |a https://opac.biblio.iteso.mx/vufind/Record/000183768